Responses for Show #8841 - Monday, April 3, 2023

Contestants

[<< previous game]

Dan Bayer, a college administrator originally from Strasburg, Ohio

Crystal Zhao, a tech consultant from Bloomington, Minnesota

Sharon Stone, a manager from Round Rock, Texas (whose 2-day cash winnings total $33,600)

[next game >>]

Jeopardy! Round responses

PRESIDENT GROVER CLEVELAND'S NON-CONSECUTIVE WORLD
HORRORS!
HOW DOES IT FASTEN?
ROCKS & MINERALS
YOU'RE GONNA SING
LIKE A BIRD
    $200 3
(Dan: Who's... the, uh, London... Ripper?)
...
(Ken: That's what I call the London Ripper.)
[Laughter]

Jack the Ripper

CrystalDan
    $200 9
a Zombie

Crystal
    $200 29
buttons

Dan
    $200 30
anthracite

Dan
    $200 25
Lizzo

Sharon
    $200 12
a dove

Crystal
    $400 4
Labor Day

Dan
    $400 14
Stoker

Crystal
    $400 8
snaps

Dan
    $400 13
graphite

Dan
    $400 20
"My Humps"

Crystal
    $400 1
crow

Crystal
    $600 5
Coca-Cola

Sharon
    $600 15
"The Monster Mash"

Dan
    $600 26
Velcro

Dan
    $600 18
jade

Dan
    $600 21
Rodrigo

Sharon
    $600 2
hawk

Dan
    $800 6
(Ken: Correct, Groundhog Day.)

Punxsutawney

Dan
    $800 16
Gothic

Crystal
    $800 27
a zipper

Dan
    $800 19
sulfur

Sharon
    $800 22
(Dan: What is... what are the night... songs?)
(Sharon: What are the nights?)
...
(Ken: Crystal looks like Pat Benatar might not be of her era.)

the shadows of the night

SharonDan
Triple Stumper
    $800 10
crane

Dan
    $1000 7
Dreyfus

Sharon
    $1000 17
Dr. Caligari

Crystal
    $1000 28
a clasp

Sharon
    $2,000 24
(Crystal: [Deciding on a wager] Um, I'm gonna throw up.)
...
(Ken: Whatever amount will keep you from throwing up.)
...
(Crystal: What is... oh, my God, I have nothing; no, I, mmm... what is)
...
(Ken: From an underwater eruption.)

pumice

Crystal
    $1000 23
Jolene

Crystal
    $1000 11
vulture

Triple Stumper

Scores at the first commercial break (after clue 15):

Sharon Crystal Dan
$1,600 $1,400 $3,800

Scores at the end of the Jeopardy! Round:

Sharon Crystal Dan
$3,400 $2,600 $5,400

Double Jeopardy! Round responses

THE SUPERLATIVE EARTH
THEIR LESSER-KNOWN BOOKS
NATIONAL HEROES
COMMON BOND CUISINE
TV
ADJECTIVE THEN NOUN
    $400 23
Monaco

Dan
    $400 19
C.S. Lewis

Crystal
    $400 7
Haiti

Crystal
    $400 1
pizza

Crystal
    $400 22
Kirstie Alley

Crystal
    $400 30
cold water

Crystal
    $800 24
(Dan: What is Antarctica?)
(Crystal: What is Europe?)
...
(Ken: Only five continents left and Sharon doesn't want to guess; that would be Mount Kosciuszko in [*], named for Thaddeus Kosciuszko.)

Australia

CrystalDan
Triple Stumper
    $800 6
cookbooks

Dan
    $800 13
the War of 1812

Dan
    $800 2
ribs

Crystal
    $800 11
Wednesday Addams

Crystal
    $800 18
old school

Triple Stumper
    $1200 25
(Dan: Uh, what is Lake Victoria?)

Caspian Sea

Dan
Triple Stumper
    $1200 8
(Langston) Hughes

Crystal
    $1200 14
Joan of Arc

Sharon
    $1200 3
(Crystal: [*]. Oh, sorry, what are [*]?)

mushrooms

Crystal
    $1200 12
John Larroquette

Dan
    $1200 20
a rusty nail

Sharon
    $1600 26
Venezuela

Dan
    $1600 9
Proust

Crystal
    $1600 15
José Martí

Triple Stumper
    $1600 4
fermentation (fermented foods)

Sharon
    $1600 16
Saved By the Bell

Crystal
    $2,500 21
(Sharon: What is a fast escalator?)
[Ken and Sharon laugh]
(Ken: No, that sounds frightening, actually.)

a fast track

Sharon
    $2000 27
the Bay of Fundy

Dan
    $2000 10
(Joan) Didion

Sharon
    $3,000 28
(Dan: What is New Zealand?)

Jamaica

Dan
    $2000 5
(Crystal: What are raw dishes?)
(Ken: Uh, can you be a little more specific?)

raw meat dishes

Crystal
    $2000 17
Oklahoma

Sharon
    $2000 29
(Crystal: What is diplomacy?)

soft power

Crystal
Triple Stumper

Scores at the end of the Double Jeopardy! Round:

Sharon Crystal Dan
$8,900 $11,000 $7,200

[wagering suggestions for these scores]

Final Jeopardy! Round responses

20th CENTURY EPONYMS
(Ken: This was [*], meant to keep the Germans out of France but did not, in fact, keep the Germans out of France--spoiler warning.)
DanWhat is the [illegible]
$5,400
SharonWhat is [letter scribbled out]?
$5,600
CrystalWhat is a rifle?
$6,801
the Maginot Line

Final scores:

Sharon Crystal Dan
$3,300 $4,199 $1,800
2nd place: $2,000 New champion: $4,199 3rd place: $1,000

Game dynamics:

Coryat scores:

Sharon Crystal Dan
$11,400 $13,000 $10,200
11 R,
2 W
(including 1 DD)
21 R,
3 W
(including 1 DD)
18 R,
5 W
(including 1 DD)

Combined Coryat: $34,600

[game clues] [game scores] [suggest correction]

Game tape date: 2023-01-17
The J! Archive is created by fans, for fans. Scraping, republication, monetization, and malicious use prohibited; this site may use cookies and collect identifying information. See terms. The Jeopardy! game show and all elements thereof, including but not limited to copyright and trademark thereto, are the property of Jeopardy Productions, Inc. and are protected under law. This website is not affiliated with, sponsored by, or operated by Jeopardy Productions, Inc. Join the discussion at JBoard.tv.